000
00282nam a22001217a 4500
008
170303b xxu||||| |||| 00| 0 eng d
041
_a
eng
080
_a
575
100
_a
6
101
_a
SHM
245
_a
READINGS IN ECOLOGY AND ECOLOGICAL GENETICS
_c
CONNELL, J.H
942
_2
udc
_c
BK
999
_c
6771
_d
6771